000 00468nam a22001697a 4500
005 20260311170210.0
008 260311b |||||||| |||| 00| 0 eng d
020 _a978-81-958328-3-5
041 _aeng
082 _a622.34 SAH-C
100 _aSAHU,RUPESH KUMAR
_98902
245 _aCOMPREHENSIVE GUIDE IN DRILLING AND BLASTING IN MINING ENGINEERING
260 _aDHANBAD
_bLOVELY PRAKASHAN
300 _a132;P
650 _aMINNIG ENGINEERING
_98903
942 _cBK
999 _c9089
_d9087